| 000 | 01463nam0a2200325 4500 | ||
|---|---|---|---|
| 001 | RU\NLR\bibl\1669043 | ||
| 005 | 20250616043851.0 | ||
| 010 |
_a978-5-91139-159-1 _91000 |
||
| 021 |
_aRU _b2010-55527 _93640 |
||
| 035 | _a(nilc)RSL-KNO-004709386 | ||
| 035 | _a(NLR Aleph) 001660310 | ||
| 090 |
_a977420 _c977420 |
||
| 100 | _a20100726d2010 |||y0rusy50 ca | ||
| 101 | 0 | _arus | |
| 102 | _aRU | ||
| 105 | _ay zzzz||||| | ||
| 200 | 1 |
_aВладикавказ - удивительный город _e[сборник] _fВалентина Бязырова |
|
| 210 |
_aВладикавказ _cИздательско-полиграфическое предприятие им. В. Гассиева _d2010 |
||
| 215 |
_a535 с., [24] л. ил., портр., факс. _cил., портр. _d23 |
||
| 607 |
_aВладикавказ, город (Северная Осетия) _xДеятели _92595722 _3RU\NLR\auth\661533703 |
||
| 610 | 0 | _aИстория. Исторические науки -- Российская Федерация -- Республика Северная Осетия-Алания -- Владикавказ, город | |
| 686 |
_aТ3(2Р-6С-2В)0,02 _2rubbk |
||
| 686 | _aТ3(2Р-6С-2Вл)0-8 | ||
| 700 | 1 |
_aБязырова _bВ. Т. _gВалентина Тимофеевна _4070 |
|
| 801 | 0 |
_aRU _bРГБ _c20100726 _grcr |
|
| 801 | 1 |
_aRU _bРГБ _c20100726 |
|
| 801 | 2 |
_aRU _bNLR _c20100830 _grcr |
|
| 942 | _cBOOK | ||
| 980 | _aNB | ||
| 980 | _aNBR | ||